Logo BPK

Bibliografia Prac Pracowników

Politechniki Koszalińskiej

Application of the surface photovoltage method for determination of the diffusion length in imperfect silicon / (Rekord nr 65)

Szczegóły MARC
000 -ETYKIETA REKORDU
podpole kontrolne o stałej długości 00840naa a2200217 i 4500
001 - NUMER KONTROLNY REKORDU
podpole kontrolne BPP
003 - IDENTYFIKATOR NUMERU KONTROLNEGO REKORDU
podpole kontrolne BPK
005 - DATA OSTATNIEJ MODYFIKACJI REKORDU
podpole kontrolne 20160608103849.0
008 - POLE O STAŁEJ DŁUGOŚCI - DANE KONTROLNE
podpole kontrolne o stałej długości 151208s1997 -uk f |100 0 eng
040 ## - ŹRÓDŁO KATALOGOWANIA
Instytucja, która utworzyła rekord BPK
041 ## - KOD JĘZYKA
Kod języka tekstu eng
044 ## - KOD KRAJU WYDAWCY/PRODUCENTA
Kod kraju wydawcy/producenta GBR
100 ## - NAZWA OSOBOWA
Nazwa osobowa PATRYN, Aleksy.
Lata pracy 1996 - .
Instytucja Politechnika Koszalińska - Wydział Elektroniki,
Wydział Katedra Elektroniki Ciała Stałego
245 ## - TYTUŁ/ODPOWIEDZIALNOŚĆ
Tytuł Application of the surface photovoltage method for determination of the diffusion length in imperfect silicon /
Pozostałe elementy strefy tytułu i oznaczenia odpowiedzialności Aleksy Patrin.
260 ## - STREFA ADRESU WYDAWNICZEGO
Data publikacji, dystrybucji/powstania dokumentu 1997.
500 ## - UWAGI OGÓLNE
Tekst uwagi dane z Informatora o publikowanych wynikach prac naukowo-badawczych w 2002 roku Wydziału Elektroniki.
655 #0 - TERMIN INDEKSOWY - OKREŚLENIE RODZAJU/FORMY DOKUMENTU
Określnie rodzaju/formy dokumentu Materiały konferencyjne.
711 ## - HASŁO DODATKOWE - NAZWA IMPREZY
Nazwa imprezy ECASIA'1997
Data imprezy (1997)
773 ## - TYTUŁ DOKUMENTU MACIERZYSTEGO
Wyrażenie wprowadzające W :
Tytuł Proc. ECASIA. -
Adres wydawniczy Chichester : Wiley & Sons, 1997. -
Informacje dotyczące relacji s. 575-579
942 ## - HASŁO DODATKOWE - ELEMENTY(KOHA)
Typ dokumentu Artykuł
Schemat klasyfikacji Uniwersalna klasyfikacja dziesiętna

Brak dostępnych egzemplarzy.

© 2014 Biblioteka Politechniki Koszalińskiej :: BIBLIOGRAFIA PRAC PRACOWNIKÓW